ARRUPE JESUIT UNIVERSITY

CORONAVIRUS -STOP THE SPREAD - CLEAN,DISINFECT,COVER

The Great Zimbabwe Ruins: (Record no. 86012)

MARC details
000 -LEADER
fixed length control field 00421nam a2200169Ia 4500
003 - CONTROL NUMBER IDENTIFIER
control field 0100
005 - DATE AND TIME OF LATEST TRANSACTION
control field 20180307142725.0
008 - FIXED-LENGTH DATA ELEMENTS--GENERAL INFORMATION
fixed length control field 130307s9999 xx 000 0 und d
040 ## - CATALOGING SOURCE
Transcribing agency ARRUPELIB
050 ## - LIBRARY OF CONGRESS CALL NUMBER
Classification number DT952.W3 1934
100 ## - MAIN ENTRY--PERSONAL NAME
Personal name Wallace, C.A
9 (RLIN) 40263
245 #4 - TITLE STATEMENT
Title The Great Zimbabwe Ruins:
Remainder of title Mashonaland and Southern Rhodesia /
260 ## - PUBLICATION, DISTRIBUTION, ETC. (IMPRINT)
Place of publication, distribution, etc Southern Rhodesia
Name of publisher, distributor, etc The Curator, Zimbabwe Ruins
Date of publication, distribution, etc 1934
300 ## - PHYSICAL DESCRIPTION
Extent 86p
650 ## - SUBJECT ADDED ENTRY--TOPICAL TERM
Topical term or geographic name as entry element Great Zimbabwe (Antiquities)
Geographic subdivision Zimbabwe
9 (RLIN) 40264
942 ## - ADDED ENTRY ELEMENTS (KOHA)
Source of classification or shelving scheme Library of Congress Classification
Koha item type Monograph ( Printed materials)
Holdings
Withdrawn status Lost status Source of classification or shelving scheme Damaged status Not for loan Collection code Home library Current library Shelving location Date acquired Total Checkouts Full call number Barcode Date last seen Date checked out Copy number Price effective from Koha item type
    Library of Congress Classification     Main Collection ARRUPE LIBRARY ARRUPE LIBRARY   07/03/2013 3 DT952.W3 1934 46003034594 29/09/2025 11/09/2025 1 07/03/2013 Monograph ( Printed materials)

 

Arrupe Library. PO Box MP320 Mt Pleasant, Harare, Zimbabwe
263 242 745411|librarian@aju.ac.zw